E-fakturace šetří čas i náklady a zvyšuje komfort plateb

Prechod na elektronickú fakturáciu môže pre firmy znamenať možnosť dosiahnutia úspor transakčných nákladov a zníženie manipulácie s tlačenými dokumentmi. Štandardné spracovanie veľkého počtu faktúr a komunikácia s užívateľmi.

Na minha lista:
Detalhes bibliográficos
Autor principal: Kuchař, Petr
Formato: Capítulo de Livro
Idioma:tcheco
Assuntos:
Tags: Adicionar Tag
Sem tags, seja o primeiro a adicionar uma tag!

MARC

LEADER 00000naa a2200000 4500
001 0191481
005 20231211083428.3
041 0 |a cze 
044 |a CZ 
245 1 0 |a E-fakturace šetří čas i náklady a zvyšuje komfort plateb  |c Petr Kuchař 
520 |a Prechod na elektronickú fakturáciu môže pre firmy znamenať možnosť dosiahnutia úspor transakčných nákladov a zníženie manipulácie s tlačenými dokumentmi. Štandardné spracovanie veľkého počtu faktúr a komunikácia s užívateľmi. 
610 2 0 |a faktúry 
610 2 0 |a fakturovanie 
610 2 0 |a komunikácia elektronická 
610 2 0 |a spracovanie dát 
610 2 0 |a úspory finančné 
610 2 0 |a pošta elektronická 
610 2 0 |a práca administratívna 
100 1 |a Kuchař, Petr